[Event "GER-chT U16"]
[Site "Kiel"]
[Date "2022.07.24"]
[Round "4.4"]
[White "Zeuner, Ole"]
[Black "Franzky, Julian"]
[Result "1-0"]
[WhiteElo "1796"]
[BlackElo "1382"]
[PlyCount "43"]
[EventDate "2022.07.22"]
[EventType "team-swiss"]
[EventRounds "7"]
[EventCountry "GER"]
[SourceTitle "CBM 209 Extra"]
[Source "ChessBase"]
[SourceDate "2022.09.30"]
[SourceVersion "1"]
[SourceVersionDate "2022.09.30"]
[SourceQuality "1"]
[WhiteTeam "Magdeburg Schachzwerge"]
[BlackTeam "Tegernsee"]
[WhiteTeamCountry "GER"]
[BlackTeamCountry "GER"]

1. e4 e5 2. Nf3 Nc6 3. Bb5 a6 4. Ba4 Bc5 5. c3 Nge7 6. 0-0 d6 7. d4 exd4 8. cxd4 Ba7 9. Be3 0-0 10. h3 Bd7 11. Nc3 Ng6 12. Qe2 f5 13. Bb3+ Kh8 14. Ng5 Qe7 15. Qh5 Qxg5 16. Bxg5 Nxd4 17. Be3 Nxb3 18. axb3 Bxe3 19. fxe3 fxe4 20. Nxe4 Ne5 21. Ng5 Bf5 22. Rxf5 1-0

[Event "GER-chT U16"]
[Site "Willingen"]
[Date "2021.06.26"]
[Round "6.1"]
[White "Schubert, Nikita"]
[Black "Zeuner, Ole"]
[Result "1-0"]
[WhiteElo "1917"]
[BlackElo "1770"]
[PlyCount "77"]
[EventDate "2021.06.23"]
[EventType "team-swiss"]
[EventRounds "7"]
[EventCountry "GER"]
[SourceTitle "CBM 203 Extra"]
[Source "ChessBase"]
[SourceDate "2021.09.30"]
[SourceVersion "1"]
[SourceVersionDate "2021.09.30"]
[SourceQuality "1"]
[WhiteTeam "Gera"]
[BlackTeam "Magdeburg Schachzwerge"]
[WhiteTeamCountry "GER"]
[BlackTeamCountry "GER"]

1. d4 Nf6 2. c4 g6 3. g3 Bg7 4. Bg2 0-0 5. Nc3 d6 6. Nf3 c6 7. 0-0 Qb6 8. e4 e5 9. dxe5 dxe5 10. Nxe5 Nxe4 11. Nxe4 Bxe5 12. c5 Qc7 13. Qe2 Bf5 14. Bh6 Bg7 15. Bf4 Qd7 16. Rad1 Qe6 17. b4 a5 18. Rd6 Qe7 19. a3 Nd7 20. Bg5 Qe5 21. Re1 Qb2 22. Qxb2 Bxb2 23. Rb1 Be5 24. Rdd1 f6 25. Be3 a4 26. b5 Rfd8 27. bxc6 bxc6 28. h4 Rab8 29. Rxb8 Rxb8 30. Nd6 Bc2 31. Rc1 Bb3 32. Bxc6 Nf8 33. Nc4 Ne6 34. Nxe5 fxe5 35. Bd7 Nc7 36. c6 Kf7 37. Bc5 Nb5 38. Bb4 Nd4 39. Kf1 1-0

[Event "GER-chT School WK 3"]
[Site "Playchess.com INT"]
[Date "2020.06.15"]
[Round "3.2"]
[White "Schroeder, Andre1111"]
[Black "Zeuner, Ole"]
[Result "0-1"]
[WhiteElo "1383"]
[BlackElo "1628"]
[PlyCount "66"]
[EventDate "2020.06.15"]
[EventType "team-swiss (blitz)"]
[EventRounds "5"]
[EventCountry "GER"]
[SourceTitle "EXT 2021"]
[Source "ChessBase"]
[SourceDate "2020.10.23"]
[SourceVersion "1"]
[SourceVersionDate "2020.10.23"]
[SourceQuality "1"]
[WhiteTeam "Fegesack Gymn"]
[BlackTeam "Magdeburg Siemens Gymn"]
[WhiteTeamCountry "GER"]
[BlackTeamCountry "GER"]

1. e4 e5 2. Nf3 Nc6 3. Nc3 Nf6 4. Bb5 Bd6 5. d3 0-0 6. Bg5 h6 7. Bh4 Nd4 8. 0-0 Nxf3+ 9. Qxf3 Be7 10. Nd5 Nxd5 11. Bxe7 Nxe7 12. Qe3 c6 13. Bc4 d6 14. d4 Ng6 15. d5 Qe7 16. dxc6 bxc6 17. Rfd1 Be6 18. Ba6 Rab8 19. g3 Rxb2 20. f4 exf4 21. gxf4 Rxc2 22. f5 Bxf5 23. Bd3 Rc5 24. Re1 Be6 25. Rac1 Qg5+ 26. Qxg5 Rxg5+ 27. Kf2 Nf4 28. Bc4 Bxc4 29. Rxc4 Nd3+ 30. Ke2 Nxe1 31. Kxe1 Rb8 32. Rc1 Rb2 33. Ra1 Rg1# 0-1

[Event "GER-ch Net Amateur Gr-B Vor3"]
[Site "Playchess.com INT"]
[Date "2020.04.16"]
[Round "2"]
[White "Zeuner, Ole"]
[Black "Baum, Bernhard"]
[Result "1-0"]
[WhiteElo "1937"]
[BlackElo "1680"]
[PlyCount "95"]
[EventDate "2020.04.16"]
[EventType "swiss (blitz)"]
[EventRounds "9"]
[EventCountry "GER"]
[SourceTitle "CBM 195 Extra"]
[Source "ChessBase"]
[SourceDate "2020.05.31"]
[SourceVersion "1"]
[SourceVersionDate "2020.05.31"]
[SourceQuality "1"]

1. e4 c5 2. Nf3 Nc6 3. d4 cxd4 4. Nxd4 g6 5. c4 Bg7 6. Be3 Nf6 7. Nc3 0-0 8. Be2 Nxd4 9. Bxd4 b6 10. Bf3 Bb7 11. e5 Bxf3 12. Qxf3 Ne8 13. 0-0 d6 14. Rad1 Qc7 15. Qxa8 dxe5 16. Be3 Qxc4 17. Qd5 Qg4 18. h3 Qf5 19. Qd7 e6 20. Qd3 Qh5 21. Ne4 f5 22. Ng5 f4 23. Nxe6 fxe3 24. Qxe3 Rf7 25. Rd8 Re7 26. Qb3 Kh8 27. Nc7 g5 28. Nxe8 Rxe8 29. Rfd1 Bf6 30. R8d7 g4 31. hxg4 Qg6 32. Qf7 Qxf7 33. Rxf7 Kg8 34. Rxf6 e4 35. Re1 Kg7 36. Rd6 Re7 37. Rd4 Kf6 38. Rexe4 Rc7 39. Rc4 Rd7 40. Red4 Re7 41. Kf1 Kg5 42. g3 Kg6 43. f4 h5 44. Rd6+ Kg7 45. gxh5 Re3 46. h6+ Kh7 47. Rc7+ Kg8 48. Rd8+ 1-0

[Event "GER-ch Net Amateur Gr-B Vor2"]
[Site "Playchess.com INT"]
[Date "2020.04.15"]
[Round "4"]
[White "Zeuner, Ole"]
[Black "Hagenbeck Huebert, Ben"]
[Result "1-0"]
[WhiteElo "1877"]
[BlackElo "1701"]
[PlyCount "113"]
[EventDate "2020.04.15"]
[EventType "swiss (blitz)"]
[EventRounds "9"]
[EventCountry "GER"]
[SourceTitle "CBM 196 Extra"]
[Source "ChessBase"]
[SourceDate "2020.07.31"]
[SourceVersion "1"]
[SourceVersionDate "2020.07.31"]
[SourceQuality "1"]

1. d4 d5 2. Bf4 Nf6 3. e3 g6 4. h4 Bg7 5. Nc3 Bf5 6. Nf3 Nbd7 7. Bd3 Bg4 8. Qd2 Ne4 9. Nxe4 dxe4 10. Bxe4 c6 11. 0-0-0 Nf6 12. Bd3 Qb6 13. Rde1 Nd5 14. Be5 f6 15. Bg3 Nb4 16. Bc4 a5 17. Qc3 a4 18. a3 Nd5 19. Bxd5 cxd5 20. Qb4 Qc6 21. Nd2 Bf5 22. c3 Bf8 23. Qc5 Qd7 24. e4 e5 25. Qxd5 Qxd5 26. exd5 Rd8 27. dxe5 Rxd5 28. exf6+ Kf7 29. Nc4 Bh6+ 30. Ne3 Kxf6 31. f4 Rd3 32. Nxf5 Kxf5 33. Kc2 Rxg3 34. Rhf1 Rxg2+ 35. Kd3 Rd8+ 36. Kc4 Bg7 37. Re7 Kf6 38. Rxb7 Rgd2 39. Re1 Rc8+ 40. Kb5 Rd5+ 41. Kxa4 Rg8 42. Ree7 Bf8 43. Rf7+ Ke6 44. Rxh7 Kf5 45. Rhf7+ Kg4 46. Rb8 Kxh4 47. Rfxf8 Rxf8 48. Rxf8 Rf5 49. Rxf5 gxf5 50. c4 Kg4 51. c5 Kxf4 52. c6 Kg3 53. c7 f4 54. c8Q f3 55. Qc1 f2 56. Qf1 Kf3 57. b4 1-0

[Event "GER-ch Net Amateur Gr-B Vor2"]
[Site "Playchess.com INT"]
[Date "2020.04.15"]
[Round "6"]
[White "Zeuner, Ole"]
[Black "Stork, Christopher"]
[Result "1-0"]
[WhiteElo "1877"]
[BlackElo "1969"]
[PlyCount "65"]
[EventDate "2020.04.15"]
[EventType "swiss (blitz)"]
[EventRounds "9"]
[EventCountry "GER"]
[SourceTitle "CBM 196 Extra"]
[Source "ChessBase"]
[SourceDate "2020.07.31"]
[SourceVersion "1"]
[SourceVersionDate "2020.07.31"]
[SourceQuality "1"]

1. d4 Nf6 2. Bf4 g6 3. Nc3 d5 4. e3 Bg7 5. h4 h5 6. Nf3 0-0 7. Be2 Nbd7 8. Qd2 c5 9. Ng5 b6 10. Bf3 Bb7 11. dxc5 Nxc5 12. Rd1 Nce4 13. Bxe4 dxe4 14. Qe2 Qc8 15. 0-0 Ba6 16. Nb5 Qf5 17. c4 Bxb5 18. cxb5 e5 19. Bg3 Ng4 20. f3 exf3 21. gxf3 Nf6 22. e4 Qc8 23. Bxe5 Re8 24. Rc1 Qd7 25. Rfd1 Qb7 26. Rc7 Qb8 27. Qc4 Rf8 28. Nxf7 Ne8 29. Ng5+ Kh8 30. Bxg7+ Nxg7 31. Rdd7 Ne6 32. Qxe6 Qxc7 33. Rxc7 1-0

[Event "GER-ch Net Amateur Gr-B Vor1"]
[Site "Playchess.com INT"]
[Date "2020.04.14"]
[Round "5"]
[White "Zeuner, Ole"]
[Black "Lippmann, Kai"]
[Result "1-0"]
[WhiteElo "1629"]
[BlackElo "1703"]
[PlyCount "103"]
[EventDate "2020.04.14"]
[EventType "swiss (blitz)"]
[EventRounds "9"]
[EventCountry "GER"]
[SourceTitle "EXT 2021"]
[Source "ChessBase"]
[SourceDate "2020.10.23"]
[SourceVersion "1"]
[SourceVersionDate "2020.10.23"]
[SourceQuality "1"]

1. e4 c6 2. d4 d5 3. exd5 cxd5 4. Bf4 e6 5. c3 Bd6 6. Bg3 Nf6 7. Nf3 0-0 8. Bd3 Qc7 9. Nbd2 Nbd7 10. Qe2 a6 11. Ne5 b5 12. Ndf3 Bb7 13. 0-0 Rfe8 14. Ng5 Rf8 15. Qc2 Nxe5 16. Bxe5 Bxe5 17. dxe5 Qxe5 18. Nxh7 Nxh7 19. Bxh7+ Kh8 20. Rfe1 Qg5 21. Bd3 g6 22. Re3 Rac8 23. Rg3 Qh5 24. Rh3 Qxh3 25. gxh3 d4 26. Qd2 Kg7 27. Be4 dxc3 28. Qd4+ e5 29. Qxe5+ f6 30. Qd4 Bxe4 31. Qxe4 cxb2 32. Rb1 Rc1+ 33. Kg2 Rfc8 34. Rxb2 R1c7 35. Re2 Rf8 36. Qb4 Rff7 37. Qd6 Rcd7 38. Qxa6 Rb7 39. Re8 b4 40. Qa8 f5 41. Rg8+ Kf6 42. Qd8+ Rbe7 43. Qd6+ Re6 44. Qd4+ Kg5 45. h4+ Kh6 46. Rh8+ Rh7 47. Rxh7+ Kxh7 48. Qd7+ Re7 49. Qxe7+ Kh6 50. Qxb4 Kh5 51. Qf4 g5 52. Qxg5# 1-0

[Event "Sachsen-Anhalt Landesliga-A 1920"]
[Site "Sachsen Anhalt"]
[Date "2020.02.02"]
[Round "6"]
[White "Grossmann, Herbert"]
[Black "Zeuner, Ole"]
[Result "1-0"]
[WhiteElo "2062"]
[BlackElo "1865"]
[PlyCount "133"]
[EventDate "2019.09.29"]
[EventType "team-tourn"]
[EventRounds "9"]
[EventCountry "GER"]
[SourceTitle "EXT 2023"]
[Source "ChessBase"]
[SourceDate "2022.10.05"]
[SourceVersion "1"]
[SourceVersionDate "2022.10.05"]
[SourceQuality "1"]
[WhiteTeam "Burger Schwarz Weiss"]
[BlackTeam "Magdeburg Aufbau Elbe III"]
[WhiteTeamCountry "GER"]
[BlackTeamCountry "GER"]

1. d4 Nf6 2. c4 g6 3. Nc3 Bg7 4. e4 d6 5. Be2 0-0 6. Nf3 e5 7. 0-0 exd4 8. Nxd4 Re8 9. f3 c6 10. Nc2 Be6 11. Be3 d5 12. cxd5 cxd5 13. e5 Nfd7 14. f4 Nb6 15. Nb5 Bf8 16. Rc1 Nc6 17. Ncd4 Bd7 18. Bf2 a6 19. Nc3 Rc8 20. Bf3 Be6 21. Nxe6 fxe6 22. Ne2 Nc4 23. b3 Na3 24. Nd4 Nxd4 25. Qxd4 Nb5 26. Qd2 Qd7 27. a4 Na3 28. Be2 b5 29. axb5 Nxb5 30. h4 Ba3 31. Ra1 Ra8 32. Ra2 Qe7 33. Rfa1 Bb4 34. Qe3 Qb7 35. h5 a5 36. hxg6 hxg6 37. Qd3 Nc3 38. Qxg6+ Qg7 39. Qxg7+ Kxg7 40. Rc2 Rf8 41. g3 Rac8 42. Bd3 Rb8 43. Kg2 Rh8 44. Rh1 Rxh1 45. Kxh1 Rb7 46. Kg2 Kf7 47. Kf3 Nd1 48. Ba6 Re7 49. Bd4 Nc3 50. Bxc3 Rc7 51. Bxb4 Rxc2 52. Bxa5 Ra2 53. b4 Ra3+ 54. Kg4 d4 55. f5 exf5+ 56. Kxf5 d3 57. Bc4+ Ke7 58. Bb6 d2 59. Bc5+ Ke8 60. Bb5+ Kd8 61. Be2 Rxg3 62. e6 Rd3 63. e7+ Kd7 64. Bd1 Ra3 65. Bh5 Ra8 66. Bg4 Ke8 67. Ke6 1-0

[Event "GER-chT U14"]
[Site "Magdeburg"]
[Date "2019.12.28"]
[Round "3.2"]
[White "Zeuner, Ole"]
[Black "Schubert, Nikita"]
[Result "1-0"]
[WhiteElo "1794"]
[BlackElo "1914"]
[PlyCount "77"]
[EventDate "2019.12.27"]
[EventType "team-swiss"]
[EventRounds "7"]
[EventCountry "GER"]
[SourceTitle "CBM 194 Extra"]
[Source "ChessBase"]
[SourceDate "2020.03.31"]
[SourceVersion "1"]
[SourceVersionDate "2020.03.31"]
[SourceQuality "1"]
[WhiteTeam "Magdeburg Schachzwerge"]
[BlackTeam "Gera"]
[WhiteTeamCountry "GER"]
[BlackTeamCountry "GER"]

1. e4 e5 2. Nf3 Nc6 3. Bb5 a6 4. Ba4 Nf6 5. d3 b5 6. Bb3 Be7 7. 0-0 d6 8. c3 0-0 9. Re1 Na5 10. Bc2 c5 11. Nbd2 Re8 12. Nf1 Bf8 13. Ne3 g6 14. h3 Bg7 15. Nh2 Be6 16. Nhg4 h5 17. Nh2 Nc6 18. Nf3 Rf8 19. Ng5 Bd7 20. Bb3 Na5 21. Bc2 Nc6 22. Rf1 Nh7 23. Nxh7 Kxh7 24. f4 exf4 25. Nd5 Ne7 26. Nxf4 Bc6 27. Be3 Rc8 28. d4 cxd4 29. cxd4 Kg8 30. Qd3 Bd7 31. Bb3 Bc6 32. Rf2 d5 33. e5 Nf5 34. Re1 Nxe3 35. Rxe3 Bh6 36. Rg3 Bxf4 37. Rxf4 Be8 38. Qf3 Kh7 39. Rf6 1-0

[Event "GER-chT U14"]
[Site "Magdeburg"]
[Date "2019.12.27"]
[Round "2.2"]
[White "Hetzner, Hannes"]
[Black "Zeuner, Ole"]
[Result "1-0"]
[WhiteElo "2000"]
[BlackElo "1794"]
[PlyCount "79"]
[EventDate "2019.12.27"]
[EventType "team-swiss"]
[EventRounds "7"]
[EventCountry "GER"]
[SourceTitle "CBM 194 Extra"]
[Source "ChessBase"]
[SourceDate "2020.03.31"]
[SourceVersion "1"]
[SourceVersionDate "2020.03.31"]
[SourceQuality "1"]
[WhiteTeam "Erlangen"]
[BlackTeam "Magdeburg Schachzwerge"]
[WhiteTeamCountry "GER"]
[BlackTeamCountry "GER"]

1. d4 Nf6 2. c4 g6 3. Nf3 Bg7 4. e3 0-0 5. Be2 d6 6. 0-0 c5 7. d5 e6 8. Nc3 exd5 9. cxd5 Qe7 10. Ne1 Bf5 11. f3 h5 12. e4 Bc8 13. Bg5 a6 14. a4 Qe5 15. Qc1 Nbd7 16. Nd3 Qe8 17. Bf4 Qe7 18. a5 Ne8 19. Bh6 Ne5 20. Bg5 Qc7 21. Nf2 Nf6 22. h3 Nh7 23. Bh6 Qe7 24. Bxg7 Kxg7 25. f4 Nd7 26. Bf3 Nhf6 27. Re1 Re8 28. Nd3 c4 29. Nf2 Nc5 30. Qe3 Nb3 31. Ra3 Nd7 32. Qe2 Nd4 33. Qxc4 Nc2 34. Raa1 Nxa1 35. Rxa1 Qf6 36. Nd3 Nc5 37. e5 Qf5 38. Nxc5 dxc5 39. Ne2 Bd7 40. Ng3 1-0

[Event "Sachsen-Anhalt-ch 29th"]
[Site "Magdeburg"]
[Date "2019.11.02"]
[Round "6"]
[White "Oswald, Michael"]
[Black "Zeuner, Ole"]
[Result "0-1"]
[WhiteElo "1961"]
[BlackElo "2006"]
[PlyCount "48"]
[EventDate "2019.10.31"]
[EventType "tourn"]
[EventRounds "7"]
[EventCountry "GER"]
[SourceTitle "EXT 2021"]
[Source "ChessBase"]
[SourceDate "2020.10.23"]
[SourceVersion "1"]
[SourceVersionDate "2020.10.23"]
[SourceQuality "1"]

1. d4 Nf6 2. c4 g6 3. Nc3 Bg7 4. e4 d6 5. f4 0-0 6. Nf3 c5 7. d5 e6 8. dxe6 fxe6 9. Bd3 Nc6 10. 0-0 b6 11. Bd2 Bb7 12. Qe1 Qd7 13. Rd1 Rae8 14. Qg3 Nh5 15. Qh3 Nxf4 16. Bxf4 Rxf4 17. Ng5 Bd4+ 18. Kh1 Rxf1+ 19. Rxf1 Ne5 20. Rf7 Nxf7 21. Qxh7+ Kf8 22. Nb5 Bg7 23. Nxf7 Qxf7 24. Nxd6 Qf4 0-1